Zinc Handbook : Properties, Processing, and Use in Design /

Gespeichert in:
Bibliographische Detailangaben
1. Verfasser: Porter, Frank C. (Verfasst von)
Format: Buch
Sprache:Englisch
Veröffentlicht: Boca Raton CRC 1991
Schriftenreihe:Mechanical Engineering 73
Schlagworte:
Tags: Tag hinzufügen
Keine Tags, Fügen Sie das erste Tag hinzu!

MARC

LEADER 00000nam a22000003a 4500
001 0092215
003 SK-STU
005 20211209132158.2
007 ta
008 211209s ----xo-----e------000-0-----d
020 |a 978-0-8247-8340-2 
040 |a STU  |b slo 
041 0 |a eng 
044 |a xxu 
100 1 |a Porter, Frank C.  |4 aut 
245 1 0 |a Zinc Handbook :  |b Properties, Processing, and Use in Design /  |c aut. Frank C Porter 
260 |a Boca Raton  |b CRC  |c 1991 
300 |a 629 s. 
490 0 |a Mechanical Engineering  |v 73 
650 0 7 |a zinok 
996 |b 284M088957  |c M* 14561-1  |l MMKN  |s A  |a 24  |w 0092215_0001